000 00534nam a22001937a 4500
003 KOHA_MİRAKIL
005 20251127094514.0
008 251127b tu ||||| |||| 00| 0 tur d
020 _a9786053420224
040 _aTR-AnABB
_btur
_cTR-AnABB
041 _atur
082 _a813.42
_bSİM 2016
100 1 _aŞimşek, Nazmi,
245 1 0 _aYuvadan uçurulanlar /
_cNazmi Şimşek
260 _aAnkara :
_bAkçağ Yayınları,
_c2016
300 _a127 sayfa ;
_c21 cm
650 0 4 _aTürk edebiyatı, roman
942 _2ddc
_cBK
999 _c9661
_d9661
900 _bGizem YORULMAZ